[Event "World Cup ACP"]
[Site "Riga"]
[Date "2013.09.13"]
[Round "1.2"]
[White "Jakovenko, Dmitrij"]
[Black "Svidler, Peter"]
[Result "0-1"]
[WhiteElo "2724"]
[BlackElo "2746"]
[Annotator "CB"]
[PlyCount "42"]
[EventDate "2013.09.13"]
[EventType "k.o. (rapid)"]
[EventRounds "4"]
[EventCountry "LAT"]
[SourceTitle "CBM 156 Extra"]
[Source "ChessBase"]
[SourceDate "2013.10.22"]
[SourceVersion "1"]
[SourceVersionDate "2013.10.22"]
[SourceQuality "1"]

1. Nf3 g6 2. e4 d6 3. d4 Nf6 4. Nc3 Bg7 5. Be2 {Der klassische Aufbau ist kaum
geeignet, die Pirc-Verteidigung in Verlegenheit zu bringen. Nach 1.Sf3 hat man
allerdings auch nicht mehr so viel Auswahl.} O-O 6. O-O c6 ({Andere beliebte
Alternativen sind} 6... Bg4) ({oder} 6... Nc6) 7. a4 ({Oder} 7. h3) ({bzw.} 7.
Re1) 7... Qc7 ({Häufig wird auch} 7... a5 8. h3 Na6 9. Be3 Nb4 {gespielt.}) 8.
Be3 Nbd7 9. Nd2 ({Nach} 9. h3 b6 10. Qd2 Bb7 11. Bh6 (11. a5 $5 Rad8 12. a6)
11... a6 {hat Weiß bisher auch nicht viel heraus geholt.}) 9... e5 (9... b6
10. f4 e5 11. dxe5 dxe5 12. f5 gxf5 13. Rxf5 Re8 14. Qf1 Qd8 15. Rd1 Nf8 16.
Nc4 Qe7 17. Rxe5 Be6 18. Rg5 Ng6 19. Rg3 Qb4 20. Nd6 Red8 21. Nf5 Rxd1 22. Bxd1
Bh8 23. Nh6+ Kf8 24. Rf3 Bc4 25. Be2 Bxe2 26. Nxe2 Re8 27. Bd4 Qd2 28. Bxf6
Qxh6 29. Bxh8 Nxh8 30. Ng3 Qd2 31. Qd3 Qc1+ 32. Rf1 Qxb2 33. Qd6+ Kg8 34. Nh5
Rc8 35. Qh6 Qd4+ 36. Kh1 f5 37. Qe6+ {1-0 (37) Jakovenko,D (2720)-Savchenko,B 
(2589) Odessa 2008}) 10. Nc4 $6 ({Üblich ist eigentlich} 10. dxe5 dxe5 $14 {
z.B.:} 11. Nc4 Ne8 12. a5 f5 13. f3 Ndf6 14. Bc5 Rf7 15. Nd6 Rd7 16. Bc4+ Kh8
17. Nxe8 Nxe8 18. Qe2 Nd6 19. Bb3 Rd8 20. Rad1 b6 21. axb6 axb6 22. Bxd6 Rxd6
23. Rxd6 Qxd6 24. Rd1 Qc5+ 25. Qf2 Qxf2+ 26. Kxf2 Bf8 27. Rd8 Bb7 28. Rxa8 Bxa8
29. exf5 gxf5 30. Be6 f4 31. Bf5 Bc5+ 32. Ke2 Bd4 33. Nd1 Kg7 34. c3 Bc5 35.
Nf2 Bb7 36. Ne4 Be7 37. Nd2 b5 38. Be4 h6 39. Nb3 b4 40. Ke1 bxc3 41. bxc3 Kf6
42. Na5 Ba6 43. Nxc6 Bc5 44. Nb4 Bb5 45. Nd3 Bg1 46. h3 Be3 47. Nb2 Bc1 48. Nd3
Be3 49. Nb4 Ke6 50. Nd5 Bc5 51. Nc7+ {1-0 (51) Rogozenco,D (2517)-Hickl,J 
(2554) playchess.com INT 2004}) 10... exd4 11. Bxd4 Rd8 $11 (11... Ne5 12. f3 {
1/2-1/2 (12) Ionescu,C (2504)-Badea,B (2460) Bucharest 2001}) 12. Qd2 Nc5 (
12... Ne5 $11) 13. Qe3 b6 14. a5 Be6 (14... b5 15. e5 (15. Nxd6 Ne6 16. Bxf6
Bxf6 17. e5 Bxe5 18. Qxe5 Qxd6 $11) 15... dxe5 16. Bxe5 Qe7 17. Bxf6 (17. Nd2
$2 b4 18. Nd1 Nd5 $19) 17... Bxf6 18. Qxe7 Bxe7 19. Ne5 Bb7 $11) 15. b4 $6 (15.
axb6 axb6 16. f3 $11) 15... Bxc4 16. bxc5 b5 17. cxd6 $2 (17. Bxc4 Ng4 18. cxd6
Qxd6 19. Bxf7+ Kxf7 20. Qf3+ Kg8 21. Qxg4 Qxd4 22. Qe6+ Kh8 23. Ne2 Qc5 $15)
17... Qxd6 18. Rad1 $2 (18. Bxc4 Qxd4 19. Qxd4 Rxd4 20. Bd3 Nd7 $17) (18. Bc5
Qe6 19. Rad1 Bxe2 20. Rxd8+ Rxd8 21. Nxe2 Ng4 22. Qg3 (22. Qf3 Nxh2 23. Kxh2
Qe5+ $19) 22... Qxe4 $17) 18... Ng4 19. Qh3 Bxd4 (19... Qxh2+ 20. Qxh2 Nxh2 21.
Bxg7 Nxf1 22. Rxd8+ Rxd8 23. Bf6 Rd6 24. e5 Rxf6 25. exf6 Nd2 {ist nicht so
klar.}) 20. Bxc4 $2 (20. Qxg4 Be6 21. Qg5 f6 22. Qc1 Qb4 $19) 20... Nxf2 21.
Bxf7+ Kg7 0-1

[Event "FRA Cup quarterfinal"]
[Site "Senat"]
[Date "2003.05.24"]
[Round "1"]
[White "Adams, Michael"]
[Black "Saiboulatov, Danial"]
[Result "1-0"]
[WhiteElo "2723"]
[BlackElo "2338"]
[PlyCount "101"]
[EventDate "2003.05.24"]
[EventType "team"]
[EventRounds "1"]
[EventCountry "FRA"]
[SourceTitle "CBM 094 Extra"]
[Source "ChessBase"]
[SourceDate "2003.07.09"]
[SourceVersion "2"]
[SourceVersionDate "2003.07.09"]
[SourceQuality "1"]

1. e4 e6 2. d4 d5 3. Nd2 Nf6 4. e5 Nfd7 5. c3 c5 6. f4 Nc6 7. Ndf3 Qb6 8. a3 a5
9. b3 cxd4 10. cxd4 Be7 11. h4 f5 12. h5 h6 13. Ne2 O-O 14. Rg1 Qd8 15. Nc3 Nb6
16. Ra2 Bd7 17. g4 fxg4 18. Rxg4 Rf7 19. Bd3 Bf8 20. Bg6 Be8 21. Rag2 Ne7 22.
Bxf7+ Bxf7 23. Nh4 Rc8 24. R4g3 Nf5 25. Nxf5 exf5 26. Rh2 Qe8 27. a4 Nd7 28.
Kf1 Nb8 29. Bb2 Nc6 30. Nb5 Qd7 31. Ba3 Nb4 32. Kg1 Be8 33. Rhg2 Rc6 34. Nd6
Rxd6 35. Bxb4 axb4 36. exd6 Qxd6 37. Re3 Qd7 38. Qf3 Bf7 39. Kh1 Be7 40. Qd1
Bf6 41. Rf2 Qd8 42. Kg2 Qb6 43. Rd2 Qd6 44. Qf3 Qd8 45. Re1 Kh8 46. Rc1 Qe8 47.
Re2 Qd7 48. Rec2 Bxd4 49. Rc8+ Kh7 50. R1c7 Qe6 51. Rf8 1-0

[Event "Reykjavik Edda rapid"]
[Site "Reykjavik"]
[Date "2003.03.04"]
[Round "5"]
[White "Shirov, Alexei"]
[Black "Votava, Jan"]
[Result "1-0"]
[WhiteElo "2723"]
[BlackElo "2518"]
[PlyCount "69"]
[EventDate "2003.03.03"]
[EventType "swiss (rapid)"]
[EventRounds "9"]
[EventCountry "ISL"]
[SourceTitle "CBM 093 Extra"]
[Source "ChessBase"]
[SourceDate "2003.05.09"]
[SourceVersion "1"]
[SourceVersionDate "2003.05.09"]
[SourceQuality "1"]

1. e4 c5 2. Nf3 e6 3. d4 cxd4 4. Nxd4 a6 5. Bd3 Nf6 6. O-O d6 7. c4 Bd7 8. Nc3
Nc6 9. Nxc6 Bxc6 10. b4 Be7 11. b5 Bd7 12. a4 O-O 13. Ba3 Qa5 14. Qb3 Qc7 15.
Be2 e5 16. b6 Qb8 17. Rfd1 Be6 18. Rd2 Rc8 19. Rad1 Rc6 20. Nd5 Bxd5 21. c5 Rc8
22. exd5 dxc5 23. d6 Bf8 24. d7 e4 25. Bc4 Rd8 26. Bxf7+ Kh8 27. Bb2 Qf4 28.
Qc3 Qf5 29. Qg3 Qg4 30. Qe5 e3 31. h3 Qh4 32. Qf5 Ne4 33. fxe3 Nd6 34. Bd5 Be7
35. Qe6 1-0

[Event "Chessable Qualifier 2020"]
[Site "chess24.com INT"]
[Date "2020.10.17"]
[Round "4.2"]
[White "Svidler, P."]
[Black "Jones, G."]
[Result "1-0"]
[WhiteElo "2723"]
[BlackElo "2670"]
[PlyCount "139"]
[EventDate "2020.10.17"]
[EventType "tourn (rapid)"]
[EventRounds "7"]
[EventCategory "17"]
[SourceTitle "The Week in Chess 1354"]
[Source "Mark Crowther"]
[SourceDate "2020.10.20"]
[SourceVersion "1"]
[SourceVersionDate "2020.10.20"]
[SourceQuality "2"]

1. Nf3 Nf6 2. c4 g6 3. g3 Bg7 4. Bg2 O-O 5. O-O c6 6. b3 d6 7. d4 e5 8. Nc3 e4
9. Ng5 d5 10. Nh3 h6 11. cxd5 cxd5 12. f3 Nc6 13. Nf2 Re8 14. fxe4 Nxe4 15.
Ncxe4 dxe4 16. e3 Nxd4 17. exd4 Bxd4 18. Bxh6 e3 19. Bxe3 Rxe3 20. Kh1 Bf5 21.
Rc1 Bb2 22. Rc4 Qg5 23. Ng4 Rd3 24. Qe2 Rd2 25. Qf3 Re8 26. h4 Qh5 27. Rf4 Bg7
28. Qxb7 Rd7 29. Qf3 Rd3 30. Nf6+ Bxf6 31. Qxh5 gxh5 32. Rxf5 Bg7 33. Bd5 Re5
34. Bxf7+ Kh8 35. Kg2 Rd2+ 36. Kh3 Rxa2 37. Rxh5+ Rxh5 38. Bxh5 Rc2 39. Bf3 a5
40. Bd5 Rc5 41. Rf5 Bd4 42. Be6 Rc6 43. Bc4 Bc3 44. Bb5 Re6 45. Rf3 Be1 46. Bd7
Rd6 47. Bf5 Rd4 48. Re3 Bb4 49. g4 Rf4 50. h5 Kg7 51. Kh4 Rf1 52. Re2 Bc5 53.
Kg5 Rh1 54. Re6 Kf7 55. Kh6 Bf8+ 56. Kh7 Be7 57. Rg6 Bf6 58. Be4 Rh3 59. Bd5+
Ke7 60. h6 Rd3 61. Bc4 Rg3 62. Kg8 Bc3 63. h7 Rh3 64. Re6+ Kd7 65. g5 Rh4 66.
Ra6 Kc7 67. g6 Rd4 68. Ra8 Rg4 69. Bf7 Kb7 70. Re8 1-0

[Event "1st Abu Dhabi Super Blitz"]
[Site "chess.com INT"]
[Date "2020.04.15"]
[Round "8"]
[White "Svidler, P."]
[Black "Caruana, F."]
[Result "1/2-1/2"]
[WhiteElo "2723"]
[BlackElo "2835"]
[PlyCount "130"]
[EventDate "2020.04.15"]
[EventType "swiss (blitz)"]
[EventRounds "11"]
[SourceTitle "The Week in Chess 1328"]
[Source "Mark Crowther"]
[SourceDate "2020.04.20"]
[SourceVersion "1"]
[SourceVersionDate "2020.04.20"]
[SourceQuality "2"]

1. e4 e5 2. Nf3 Nc6 3. Bb5 a6 4. Ba4 Nf6 5. O-O b5 6. Bb3 Bc5 7. a4 Rb8 8. Nxe5
Nxe5 9. d4 Bxd4 10. Qxd4 d6 11. Bf4 c5 12. Qe3 c4 13. Ba2 O-O 14. f3 Be6 15.
Rd1 Qe7 16. Nc3 h6 17. Bg3 Rfe8 18. Ne2 Nh5 19. Bf2 f5 20. axb5 axb5 21. exf5
Bxf5 22. Nd4 Bg6 23. f4 Ng4 24. Qxe7 Rxe7 25. Nxb5 d5 26. Nc3 Rxb2 27. Nxd5 Re2
28. Nf6+ Nhxf6 29. Bxc4+ Kh7 30. Bxe2 Rxc2 31. Re1 h5 32. Bd4 Nd5 33. g3 Nh6
34. Bf3 Nb4 35. Rec1 Nf5 36. Bc5 Rb2 37. Rcb1 Rxb1+ 38. Rxb1 Nd4 39. Rxb4 Nxf3+
40. Kg2 Ne1+ 41. Kf1 Nd3 42. Rc4 Ne5 43. Rc3 Ng4 44. h3 Nf6 45. Bd4 Bf5 46. Rc7
Bxh3+ 47. Ke2 Kg6 48. Bxf6 gxf6 49. Rc5 Bf5 50. Ke3 Bh3 51. Kd4 Bg4 52. Kd5 Kf7
53. Kd6 Bf3 54. Rc7+ Kg6 55. Ke7 Kf5 56. Rc5+ Kg4 57. Kxf6 Kxg3 58. f5 h4 59.
Kg5 h3 60. f6 h2 61. Rc1 Bd5 62. Kg6 Kg2 63. f7 Bxf7+ 64. Kxf7 h1=Q 65. Rxh1
Kxh1 1/2-1/2

[Event "Bahia Feliz"]
[Site "Bahia Feliz"]
[Date "2011.05.15"]
[Round "4"]
[White "Vallejo Pons, Francisco"]
[Black "Nyzhnyk, Illya"]
[Result "1-0"]
[WhiteElo "2722"]
[BlackElo "2583"]
[PlyCount "83"]
[EventDate "2011.05.12"]
[EventType "tourn"]
[EventRounds "9"]
[EventCountry "ESP"]
[EventCategory "12"]
[SourceTitle "CBM 143"]
[Source "ChessBase"]
[SourceDate "2011.07.15"]
[SourceVersion "1"]
[SourceVersionDate "2011.07.15"]
[SourceQuality "1"]

1. e4 c5 2. Nc3 a6 3. Nge2 e6 4. d4 cxd4 5. Nxd4 Qc7 6. Bd3 Nc6 7. Nxc6 dxc6 8.
O-O e5 9. f4 Nf6 10. Qf3 b5 11. a4 b4 12. Nd1 Bg4 13. Qg3 Bxd1 14. Rxd1 Nh5 15.
Qg4 Nxf4 16. Bc4 Bc5+ 17. Kh1 O-O 18. Rd7 Qc8 19. Bxf4 exf4 20. Rad1 Qe8 21.
Qg5 Bb6 22. e5 Bd8 23. Qf5 g6 24. Qxf4 Be7 25. Qe4 Bf6 26. Rxf7 Rxf7 27. Bxf7+
Qxf7 28. exf6 Qxf6 29. Qxb4 Re8 30. Qc4+ Kh8 31. Qxa6 Qf2 32. Qf1 Qxc2 33. Qf6+
Kg8 34. Rf1 Qc4 35. h3 c5 36. a5 Ra8 37. Kh2 Qa6 38. Qf7+ Kh8 39. Rd1 g5 40.
Rd7 Qg6 41. Qd5 Re8 42. Qxc5 1-0

[Event "Kurnosov Mem Rapid 2020"]
[Site "Chelyabinsk RUS"]
[Date "2020.09.05"]
[Round "9.11"]
[White "Vitiugov, N."]
[Black "Badelka, Olga"]
[Result "1-0"]
[WhiteElo "2722"]
[BlackElo "2427"]
[PlyCount "77"]
[EventDate "2020.09.04"]
[EventType "swiss (rapid)"]
[EventRounds "11"]
[EventCountry "RUS"]
[SourceTitle "The Week in Chess 1348"]
[Source "Mark Crowther"]
[SourceDate "2020.09.07"]
[SourceVersion "1"]
[SourceVersionDate "2020.09.07"]
[SourceQuality "2"]

1. e4 c5 2. Nf3 Nc6 3. d4 cxd4 4. Nxd4 e5 5. Nb5 d6 6. N1c3 a6 7. Na3 Be7 8.
Be3 Nf6 9. Nc4 b5 10. Nb6 Rb8 11. Nxc8 Qxc8 12. Bd3 O-O 13. O-O Rd8 14. a3 h6
15. Nd5 Nxd5 16. exd5 Na5 17. b3 f5 18. f3 Nb7 19. b4 Bg5 20. Bxg5 hxg5 21. Qd2
f4 22. Qe2 Qc3 23. Qe4 Qd4+ 24. Qxd4 exd4 25. Rfe1 Rdc8 26. Re6 Rc3 27. Rg6 Re8
28. Rxg5 Nd8 29. Bg6 Rf8 30. Rg4 Rf6 31. Re1 Rf8 32. Re4 Rxa3 33. Rgxf4 Rxf4
34. Rxf4 Re3 35. h4 Re5 36. Rxd4 Nf7 37. Bxf7+ Kxf7 38. Kf2 Re7 39. c4 1-0

[Event "TCh-CZE Extraliga 2018-19"]
[Site "Czech Republic CZE"]
[Date "2019.02.10"]
[Round "8.4"]
[White "Wang Hao"]
[Black "Antoniewski, R."]
[Result "1-0"]
[WhiteElo "2722"]
[BlackElo "2521"]
[PlyCount "145"]
[EventDate "2018.11.03"]
[EventType "team"]
[EventRounds "11"]
[EventCountry "CZE"]
[SourceTitle "The Week in Chess 1266"]
[Source "Mark Crowther"]
[SourceDate "2019.02.12"]
[SourceVersion "1"]
[SourceVersionDate "2019.02.12"]
[SourceQuality "2"]
[WhiteTeam "1. Novoborsky SK"]
[BlackTeam "Beskydska sachova skola"]

1. e4 c5 2. Nf3 Nc6 3. Nc3 e5 4. Bc4 Be7 5. d3 d6 6. Nd2 Nf6 7. Nf1 Nd7 8. Ne3
Nb6 9. O-O O-O 10. a3 Bg5 11. Ba2 Be6 12. Ncd5 Ne7 13. Nxb6 axb6 14. Bxe6 Bxe3
15. Bxf7+ Rxf7 16. Bxe3 Qd7 17. h3 d5 18. Qh5 Ng6 19. Qg4 Qc6 20. exd5 Qxd5 21.
Qc4 Qd7 22. b4 b5 23. Qe4 cxb4 24. axb4 Rc8 25. Ra2 Nf4 26. Bd2 Qd4 27. Bxf4
Rxf4 28. Qxb7 Rcf8 29. Qa7 Qxb4 30. f3 Qc3 31. Rb1 b4 32. Qe3 h6 33. Rb3 Qc7
34. Rab2 Qd6 35. Qe1 Rc8 36. Kh1 Kh7 37. Qb1 Qc6 38. Qd1 Qd6 39. Qe1 Rc7 40.
Qb1 Qc6 41. Qe1 Qd6 42. Ra2 Qd5 43. Qe2 Rc6 44. Ra1 Qc5 45. Rb2 Qd4 46. Rba2
Rc3 47. Ra5 b3 48. cxb3 Rxd3 49. Rb1 e4 50. Ra4 Qd7 51. Rxe4 Rfxf3 52. Re6 Rf8
53. b4 Qd5 54. Qg4 Qf5 55. Qxf5+ Rxf5 56. b5 Rf7 57. b6 Rb7 58. Rc6 Ra3 59. Kh2
Rd3 60. Rb4 Re3 61. Rb5 Rd3 62. h4 Re3 63. g3 Ree7 64. Kh3 Re4 65. Kg2 Re1 66.
Kf2 Re4 67. Kf3 Re1 68. Rc7 Rxc7 69. bxc7 Rc1 70. Rb7 Kg6 71. Ke4 Kh5 72. Kd5
Kg4 73. Rb4+ 1-0

[Event "RUS-The World"]
[Site "Moscow"]
[Date "2002.09.08"]
[Round "1"]
[White "Leko, Peter"]
[Black "Kramnik, Vladimir"]
[Result "1/2-1/2"]
[WhiteElo "2722"]
[BlackElo "2807"]
[Annotator "Huzman,A"]
[PlyCount "68"]
[EventDate "2002.09.08"]
[EventType "schev (rapid)"]
[EventRounds "10"]
[EventCountry "RUS"]
[SourceTitle "CBM 091"]
[Source "ChessBase"]
[SourceDate "2002.11.12"]
[SourceVersion "1"]
[SourceVersionDate "2002.11.12"]
[SourceQuality "1"]
[WhiteTeam "The World"]
[BlackTeam "Russia"]
[BlackTeamCountry "RUS"]

1. e4 e5 2. Nf3 Nf6 3. Nxe5 d6 4. Nf3 Nxe4 5. d4 d5 6. Bd3 Nc6 7. O-O Be7 8. c4
Nf6 9. h3 Nb4 10. Be2 dxc4 11. Bxc4 O-O 12. Nc3 Nbd5 13. Bg5 c6 14. Re1 Be6 15.
Qb3 Rb8 16. Rad1 (16. Rac1 Nc7 17. Bxe6 Nxe6 18. Bh4 Nf4 19. Rcd1 N4d5 $11 {
1/2-1/2 Matulovic,M-Kurajica,B/Umag 1972/MCD (42)}) (16. Nxd5 cxd5 17. Bd3 h6
18. Bf4 Bd6 19. Be5 Ne4 20. Rac1 Qa5 21. Bxd6 Nxd6 22. Qc3 Qxc3 23. Rxc3 Rbc8
24. Ne5 Rxc3 25. bxc3 Rc8 26. Rc1 b5 27. Rc2 {1/2-1/2 De Groot,A-Daw,G/WT/
M\532 1991 (27)}) (16. Ne5 Re8 17. Rad1 Qd6 18. Bh4 (18. Bxf6 Bxf6 19. Ne4 Qd8
20. Nc5 Qd6 21. Qf3 Bxe5 22. Rxe5 Nc7 23. Bxe6 Nxe6 24. Qg3 h6 25. Ne4 Qe7 $11
{1/2-1/2 Tsvetkov,A-Gottardi,G/Memorial Konstantinopolsky (corr.), cor 1997 
(33)}) 18... Qb4 19. Qc2 Rbd8 20. Bd3 h6 21. Bg3 Qa5 22. Nc4 Qa6 23. Nxd5 Nxd5
24. Rxe6 $1 $16 {1-0 Hulak,K-Toth,B/Budva 1981/MCD (32)}) 16... Re8 17. Bh4 h6
18. Ne5 Qb6 $1 19. Qxb6 axb6 20. Bxf6 Bxf6 21. Nxd5 cxd5 22. Bb3 {This endgame
is similar to the endgame from the game Leko,P-Adams,M Dortmund 2002. But in
our position the pair of bishops gives Black good possibilities to equalise
the game.} g5 23. Ng4 {After this move the drawing result of the game becames
obvious.} (23. Re3 $5) 23... Bxg4 24. hxg4 (24. Rxe8+ Rxe8 25. hxg4 Re4 26.
Bxd5 Rxg4 $11) 24... Rxe1+ 25. Rxe1 Bxd4 26. Rd1 Bxb2 27. Rxd5 Rc8 $1 28. Rd7
Rc1+ 29. Kh2 Rc7 $1 30. Bxf7+ Kg7 31. Rxc7 Be5+ 32. g3 Bxc7 33. Bd5 Kf6 34.
Bxb7 Ke5 1/2-1/2

[Event "Pardubice op rap 22nd"]
[Site "Pardubice"]
[Date "2011.07.21"]
[Round "5"]
[White "Navara, David"]
[Black "Maximov, Dmitry"]
[Result "0-1"]
[WhiteElo "2722"]
[BlackElo "2479"]
[PlyCount "92"]
[EventDate "2011.07.20"]
[EventType "swiss (rapid)"]
[EventRounds "9"]
[EventCountry "CZE"]
[SourceTitle "CBM 143 Extra"]
[Source "ChessBase"]
[SourceDate "2011.08.29"]
[SourceVersion "1"]
[SourceVersionDate "2011.08.29"]
[SourceQuality "1"]

1. d4 Nf6 2. c4 g6 3. Nc3 Bg7 4. e4 d6 5. Bd3 O-O 6. Nge2 c5 7. d5 e6 8. O-O
exd5 9. cxd5 a6 10. a4 Nbd7 11. h3 Re8 12. Ng3 Rb8 13. Be3 h5 14. f4 h4 15.
Nge2 b5 16. axb5 axb5 17. e5 b4 18. Nb5 Nxd5 19. Bxg6 Nxe3 20. Bxf7+ Kf8 21.
Qb3 Rxb5 22. Bxe8 Qxe8 23. Qxe3 Bb7 24. Ra7 Rb6 25. Qf2 Qh5 26. Rd1 Kg8 27.
Rxb7 Rxb7 28. Rxd6 Nf8 29. Kh2 Re7 30. Rd8 c4 31. Qc5 Qf7 32. Qxb4 Bh6 33. Rd4
Rc7 34. Kh1 Kh7 35. Rd6 Rb7 36. Qc3 Qf5 37. Rf6 Qd3 38. Nd4 Qf1+ 39. Kh2 Bxf4+
40. Rxf4 Qxf4+ 41. Kh1 Qf1+ 42. Kh2 Qf4+ 43. Kg1 Ra7 44. Nc2 Ne6 45. Qe1 Rg7
46. Qe2 Rg5 0-1

[Event "Ho Chi Minh City HD Bank op 5th"]
[Site "Ho Chi Minh City"]
[Date "2015.03.17"]
[Round "1"]
[White "Li, Chao B"]
[Black "Htay, Min Lwin"]
[Result "1-0"]
[WhiteElo "2721"]
[BlackElo "2286"]
[PlyCount "71"]
[EventDate "2015.03.17"]
[EventType "swiss"]
[EventRounds "9"]
[EventCountry "VIE"]
[SourceTitle "CBM 165 Extra"]
[Source "ChessBase"]
[SourceDate "2015.04.21"]
[SourceVersion "1"]
[SourceVersionDate "2015.04.21"]
[SourceQuality "1"]

1. e4 e5 2. Nf3 Nc6 3. Bc4 Bc5 4. b4 Bxb4 5. c3 Be7 6. d4 exd4 7. Qb3 Na5 8.
Bxf7+ Kf8 9. Qa4 c6 10. Bxg8 Kxg8 11. cxd4 b5 12. Qc2 Nc4 13. O-O d5 14. Nbd2
Be6 15. Nxc4 bxc4 16. Re1 Bf6 17. Rb1 Qd7 18. Ne5 Bxe5 19. dxe5 g6 20. Ba3 Kg7
21. Bd6 Rhe8 22. Qd2 Kg8 23. Rb2 a5 24. Reb1 Bf7 25. Rb7 Qe6 26. Re1 Rad8 27.
Qxa5 dxe4 28. Qc3 Qd5 29. h3 Qd3 30. Qc1 c3 31. Re3 Qa6 32. Rb4 Qxa2 33. Rxc3
Bd5 34. Ra3 Qe2 35. Rb7 Bf7 36. Raa7 1-0

[Event "Baku op"]
[Site "Baku"]
[Date "2009.09.23"]
[Round "3"]
[White "Mamedyarov, Shakhriyar"]
[Black "Durarbayli, Vasif"]
[Result "1/2-1/2"]
[WhiteElo "2721"]
[BlackElo "2443"]
[PlyCount "133"]
[EventDate "2009.09.21"]
[EventType "swiss"]
[EventRounds "9"]
[EventCountry "AZE"]
[SourceTitle "CBM 132 Extra"]
[Source "ChessBase"]
[SourceDate "2009.11.03"]
[SourceVersion "1"]
[SourceVersionDate "2009.11.03"]
[SourceQuality "1"]

1. d4 Nf6 2. c4 e6 3. Nc3 c5 4. d5 exd5 5. cxd5 d6 6. e4 g6 7. Bd3 Bg7 8. Nge2
O-O 9. O-O a6 10. a4 Re8 11. Ng3 Qc7 12. f4 c4 13. Bc2 Nbd7 14. Be3 Nc5 15. Bd4
Ng4 16. Nce2 Nf6 17. f5 Qe7 18. Ra3 Ncd7 19. b3 cxb3 20. Rxb3 Ne5 21. a5 Qc7
22. Bb6 Qe7 23. Bd4 Qc7 24. Bb6 Qe7 25. Rc3 Bd7 26. Rc7 Rec8 27. Rxb7 Qe8 28.
Bd4 Bb5 29. h3 Rc4 30. Bb3 Rb4 31. Rb6 Rc8 32. Rxd6 Qe7 33. Rb6 Nfd7 34. fxg6
hxg6 35. d6 Qg5 36. Bxe5 Nxe5 37. Kh1 Qe3 38. d7 Rd8 39. Bxf7+ Nxf7 40. Rxf7
Kxf7 41. Qd5+ Kf8 42. Qd6+ Kg8 43. Qxb4 Rxd7 44. Rxb5 axb5 45. Qxb5 Rd1+ 46.
Kh2 Re1 47. h4 Qf2 48. Qg5 Qf6 49. Qg4 Kh7 50. h5 gxh5 51. Nxh5 Qe5+ 52. Neg3
Ra1 53. Nxg7 Qxg7 54. Qh4+ Qh6 55. Nh5 Qd6+ 56. Nf4+ Qh6 57. Nh5 Qd6+ 58. Ng3+
Qh6 59. Kh3 Rxa5 60. Qxh6+ Kxh6 61. Kg4 Kg6 62. Nf5 Ra2 63. Kf4 Kf6 64. Nh4
Rf2+ 65. Ke3 Ra2 66. Kf4 Rf2+ 67. Ke3 1/2-1/2

[Event "2nd Prague Masters 2020"]
[Site "Prague CZE"]
[Date "2020.02.20"]
[Round "8.5"]
[White "Vidit, S."]
[Black "Navara, D."]
[Result "0-1"]
[WhiteElo "2721"]
[BlackElo "2717"]
[PlyCount "128"]
[EventDate "2020.02.12"]
[EventType "tourn"]
[EventRounds "9"]
[EventCountry "CZE"]
[EventCategory "19"]
[SourceTitle "The Week in Chess 1320"]
[Source "Mark Crowther"]
[SourceDate "2020.02.24"]
[SourceVersion "2"]
[SourceVersionDate "2020.02.29"]
[SourceQuality "2"]

1. d4 Nf6 2. c4 e6 3. Nf3 b6 4. a3 Bb7 5. Bf4 d5 6. cxd5 Nxd5 7. Bg3 Nd7 8. e4
N5f6 9. e5 Nh5 10. Nc3 Be7 11. Bc4 a6 12. d5 exd5 13. Bxd5 Nxg3 14. hxg3 c6 15.
Bxf7+ Kxf7 16. e6+ Kxe6 17. Qe2+ Kf7 18. O-O-O Bf6 19. Ne4 Qe7 20. Nd6+ Kf8 21.
Qxe7+ Bxe7 22. Nxb7 Nf6 23. Ne5 Nd5 24. Kb1 Rc8 25. Rhe1 Bxa3 26. Nxc6 Bb4 27.
Nxb4 Nxb4 28. Rd7 h5 29. Nd6 Ra8 30. Ree7 Rh7 31. Ne4 Rh6 32. Rxg7 Rd8 33. b3
Rxd7 34. Rxd7 a5 35. f3 Rc6 36. Rd2 Kf7 37. Kb2 Ke6 38. Nc3 Rd6 39. Re2+ Kf5
40. Ne4 Rd1 41. Nc3 Rd3 42. Nb1 Nd5 43. Kc2 Nb4+ 44. Kb2 Nd5 45. Na3 Ne3 46.
Nc4 Nxc4+ 47. bxc4 a4 48. Kc2 Rb3 49. Rd2 Rb4 50. Kc3 Rb3+ 51. Kc2 Rb4 52. Kc3
Rb3+ 53. Kd4 a3 54. Ra2 Ke6 55. c5 b5 56. g4 hxg4 57. fxg4 b4 58. g5 Rb2 59.
Ra1 a2 60. g6 b3 61. c6 Rc2 62. Rf1 b2 63. g7 Rxg2 64. c7 Kd7 0-1

[Event "Vladimir Petrov Memorial op"]
[Site "Jurmala"]
[Date "2016.03.06"]
[Round "12"]
[White "Vitiugov, Nikita"]
[Black "Neiksans, Arturs"]
[Result "0-1"]
[WhiteElo "2721"]
[BlackElo "2607"]
[PlyCount "60"]
[EventDate "2016.03.05"]
[EventType "swiss (rapid)"]
[EventRounds "12"]
[EventCountry "LAT"]
[SourceTitle "CBM 171 Extra"]
[Source "ChessBase"]
[SourceDate "2016.04.26"]
[SourceVersion "1"]
[SourceVersionDate "2016.04.26"]
[SourceQuality "1"]

1. d4 Nf6 2. c4 e6 3. Nf3 b6 4. g3 Ba6 5. b3 Bb4+ 6. Bd2 Be7 7. Nc3 d5 8. cxd5
exd5 9. Bg2 O-O 10. O-O Nbd7 11. Ne5 Bb7 12. Rc1 Re8 13. Bf4 Nf8 14. Nb5 c5 15.
dxc5 bxc5 16. Nc4 Ne6 17. Be5 Qd7 18. Nbd6 Red8 19. Nxb7 Qxb7 20. Ne3 Qa6 21.
Nxd5 Nxd5 22. Bxd5 Nd4 23. Bc4 Qxa2 24. e3 Nc6 25. Bxf7+ Kf8 26. Qh5 Nxe5 27.
Be6 Bf6 28. f4 Ng6 29. Qxh7 Ke7 30. Bc4 Rh8 0-1

[Event "Moscow-ch blitz 69th"]
[Site "Moscow"]
[Date "2015.09.06"]
[Round "8"]
[White "Andreikin, Dmitry"]
[Black "Inarkiev, Ernesto"]
[Result "1-0"]
[WhiteElo "2720"]
[BlackElo "2660"]
[PlyCount "87"]
[EventDate "2015.09.06"]
[EventType "tourn (blitz)"]
[EventRounds "19"]
[EventCountry "RUS"]
[EventCategory "15"]
[SourceTitle "EXT 2016"]
[Source "ChessBase"]
[SourceDate "2015.10.08"]
[SourceVersion "1"]
[SourceVersionDate "2015.10.08"]
[SourceQuality "1"]

1. Nc3 c5 2. Nf3 d5 3. e4 d4 4. Ne2 Nc6 5. Ng3 a6 6. Bc4 b5 7. Bd5 Bd7 8. d3 e6
9. Bb3 Bd6 10. O-O Nge7 11. Bd2 Ng6 12. a4 O-O 13. Nh5 Rc8 14. axb5 axb5 15.
Ng5 h6 16. Nh3 e5 17. f4 Bxh3 18. f5 Nf4 19. gxh3 Qg5+ 20. Ng3 h5 21. Kh1 c4
22. dxc4 d3 23. c3 h4 24. Qf3 bxc4 25. Bxc4 Nd4 26. Bxf7+ Rxf7 27. cxd4 hxg3
28. hxg3 Rc2 29. gxf4 exf4 30. Rg1 Qh4 31. Rg4 Qh5 32. Rxg7+ Rxg7 33. Qxh5 Rxd2
34. f6 Rgg2 35. Ra8+ Bf8 36. f7+ Kg7 37. Qe5+ Kh7 38. Qf5+ Kg7 39. Qe5+ Kh7 40.
Qxf4 Rge2 41. Qh4+ Kg7 42. Qg4+ Kh7 43. Qg8+ Kh6 44. Ra6+ 1-0

[Event "Wch Blitz 8th"]
[Site "Dubai"]
[Date "2014.06.20"]
[Round "19"]
[White "Bacrot, Etienne"]
[Black "Safarli, Eltaj"]
[Result "1-0"]
[WhiteElo "2720"]
[BlackElo "2649"]
[PlyCount "65"]
[EventDate "2014.06.19"]
[EventType "swiss (blitz)"]
[EventRounds "21"]
[EventCountry "UAE"]
[SourceTitle "CBM 160 Extra"]
[Source "ChessBase"]
[SourceDate "2014.07.01"]
[SourceVersion "1"]
[SourceVersionDate "2014.07.01"]
[SourceQuality "1"]

1. b3 Nf6 2. Bb2 g6 3. g3 Bg7 4. Bg2 O-O 5. Nf3 d5 6. O-O c6 7. d3 Bg4 8. Nbd2
Nbd7 9. h3 Bxf3 10. Nxf3 Re8 11. c4 e5 12. cxd5 cxd5 13. Nd2 Rc8 14. Rc1 Qa5
15. a3 Qb6 16. b4 a5 17. Qa4 axb4 18. axb4 Bf8 19. b5 Rxc1 20. Rxc1 Bc5 21. Rf1
Nh5 22. d4 Bxd4 23. Bxd4 exd4 24. Bxd5 Rxe2 25. Nc4 Qf6 26. Qa8+ Kg7 27. Qxb7
Nc5 28. Qc6 Qg5 29. Qxc5 Nxg3 30. Qxd4+ Kg8 31. Bxf7+ Kf8 32. Qd6+ Kg7 33. Qxg3
1-0